| 000 | 00966 a2200205 4500 | ||
|---|---|---|---|
| 001 | 57169 | ||
| 005 | 20260407155834.0 | ||
| 008 | 260407a1968 arg spa d | ||
| 003 | AR-UNSa-BCEJYS | ||
| 040 |
_aAR-UNSa-BCEJYS _bspa _cAR-UNSa-BCEJYS |
||
| 080 |
_a669.1 _xMetalurgia del hierro. Siderurgia. Hierro y Acero |
||
| 245 | 1 | 0 | _aGeografía del hierro y el acero |
| 264 | 1 |
_aBarcelona : _bLabor _c1968 |
|
| 300 |
_a205 p. _c19 cm. |
||
| 505 | _a1. Arte y ciencia de la fabricación del hierro – 2. Los minerales de hierro – 3. Las modernas fábricas de hierro y acero – 4. Reino unido – 5. La industria del hierro y el acero de Europa occidental – 6. La industria del hierro y el acero en Estados Unidos y Canadá – 7. La industria del hierro y el acero en la esfera soviética – 8. Los países subdesarrollados | ||
| 942 | _cBK | ||
| 590 | _aniveau_biblio:m niveau_hierar:0 | ||
| 100 | 1 | _aPounds, Norman J.G. | |
| 700 | 1 | _aAbdal Montal, Joaquín | |
| 999 |
_c6161 _d6161 |
||